000 01008nam a2200277Ia 4500
003 OSt
005 20221005111518.0
006 a|||||r|||| 00| 0
007 ta
008 221004b |||||||| |||| 00| 0 hin d
020 _c75
024 _a93367
037 _b531, 19/03/2009, Vani Prakashan
_cTextual
040 _aCRL
_cCRL
_bhin
041 _2hin
_ahin
082 _aO15,6E25:g, 152M3
100 _aचतुर्वेदी, व्रजमोहन
245 0 _aज्ञेमेन्द्र
246 _aJnyemendra
260 _aनई दिल्ली
_bसाहित्य अकादेमी भारत
_c1983
300 _a88पृ0
_ccm.
490 _aभारतीय साहित्य के निर्माता
650 _aहिन्दी साहित्य
942 _hO15,6E25:g, 152M3
_cTEXL
_2cc
999 _c1022060
_d1022060